Catálogo
 En Linea

El asesino se ha vuelto loco / (Registro nro. 41999)

Detalles MARC
000 -CABECERA
campo de control de longitud fija 00774nam a2200253 a 4500
001 - NÚMERO DE CONTROL
campo de control 000042510
005 - FECHA Y HORA DE LA ÚLTIMA TRANSACCIÓN
campo de control 20201002040213.0
008 - DATOS DE LONGITUD FIJA--INFORMACIÓN GENERAL
campo de control de longitud fija 131205s1983 sp 000 0 spa d
020 ## - NÚMERO INTERNACIONAL ESTÁNDAR DEL LIBRO
Número Internacional Estándar del Libro 8402097383
040 ## - FUENTE DE LA CATALOGACIÓN
Centro catalogador/agencia de origen DO-SdBNP
Lengua de catalogación spa
Centro/agencia transcriptor BNPHU
041 17 - CÓDIGO DE LENGUA
Código de lengua del texto/banda sonora o título independiente spa
Código de lengua original eng
082 ## - NÚMERO DE LA CLASIFICACIÓN DECIMAL DEWEY
Número de clasificación xxx
Número de documento/Ítem xxx
100 1# - ENTRADA PRINCIPAL--NOMBRE DE PERSONA
Nombre de persona MacDonald, Philip,
Fechas asociadas al nombre 1901-1980.
9 (RLIN) 69711
240 10 - TÍTULO UNIFORME
Título uniforme Murder gone mad
Lenguaje de la obra Español
245 13 - MENCIÓN DE TÍTULO
Título El asesino se ha vuelto loco /
Mención de responsabilidad, etc. Philip MacDonald ; traducción del inglés, G. y L Gossé.
260 ## - PUBLICACIÓN, DISTRIBUCIÓN, ETC.
Lugar de publicación, distribución, etc. Barcelona :
Nombre del editor, distribuidor, etc. Bruguera,
Fecha de publicación, distribución, etc. 1983.
300 ## - DESCRIPCIÓN FÍSICA
Extensión 286 p. ;
Dimensiones 18 cm.
490 1# - MENCIÓN DE SERIE
Mención de serie Naranja
Designación de volumen o secuencia 23
490 1# - MENCIÓN DE SERIE
Mención de serie Misterio
Designación de volumen o secuencia 123
700 12 - PUNTO DE ACCESO ADICIONAL--NOMBRE DE PERSONA
Nombre de persona Gossé, G.
Término indicativo de función/relación tr.
9 (RLIN) 69712
700 12 - PUNTO DE ACCESO ADICIONAL--NOMBRE DE PERSONA
Nombre de persona Gossé, L.
Término indicativo de función/relación tr.
Fechas asociadas al nombre 1916-2001
9 (RLIN) 69713
830 #0 - PUNTO DE ACCESO ADICIONAL DE SERIE-TÍTULO UNIFORME
Título uniforme Naranja
Número de parte o sección de la obra 23
9 (RLIN) 69714
830 #0 - PUNTO DE ACCESO ADICIONAL DE SERIE-TÍTULO UNIFORME
Título uniforme Misterio
Número de parte o sección de la obra 123
9 (RLIN) 69715
Existencias
Estado de retiro Estado de pérdida Restricciones de uso No para préstamo Código de colección Localización permanente Ubicación/localización actual Ubicación en estantería Fecha de adquisición Número de inventario Total de préstamos Signatura topográfica completa Código de barras Fecha visto por última vez Precio válido a partir de Tipo de ítem Koha
      Excluido de préstamo Monografías: Libros y Folletos General General En catalogación 05.12.2013 LF1   xxx xxx 42510-10 25.06.2020 25.06.2020 No se presta

Con tecnología Koha